Sidonie Česká : dar milovat a odpouštět : román /

Hlavní autor: Whitton, Hana, 1950-
Jazyk: Čeština
Vydáno: Frýdek-Místek : Alpress, 2018
Vydání: Vydání první
Edice: Klokan (Alpress)
Témata:
Fyzický popis: 240 stran ; 21 cm
Knihy
Uloženo v:
LEADER 01725nam a2200493 i 4500
001 nkc20183056469
003 CZ PrNK
005 20181128151213.0
007 ta
008 181114s2018 xr g 000 f cze
015 |a cnb003056469 
020 |a 978-80-7543-861-4  |q (vázáno) 
035 |a (OCoLC)1078646534 
040 |a BOA001  |b cze  |e rda 
043 |a e-xr--- 
045 |a s4t1 
072 7 |a 821.162.3-3  |x Česká próza  |2 Konspekt  |9 25 
080 |a 821.162.3-31  |2 MRF 
080 |a 929.731-055.62  |2 MRF 
080 |a (437.3)  |2 MRF 
080 |a (0:82-311.6)  |2 MRF 
100 1 |a Whitton, Hana,  |d 1950-  |7 jn19981001688  |4 aut 
245 1 0 |a Sidonie Česká :  |b dar milovat a odpouštět : román /  |c Hana Whitton 
250 |a Vydání první 
264 1 |a Frýdek-Místek :  |b Alpress,  |c 2018 
300 |a 240 stran ;  |c 21 cm 
336 |a text  |b txt  |2 rdacontent 
337 |a bez média  |b n  |2 rdamedia 
338 |a svazek  |b nc  |2 rdacarrier 
490 1 |a Klokan 
600 0 7 |a Zdenka,  |c saská vévodkyně, dcera Jiřího z Poděbrad, českého krále,  |d 1449-1510  |7 mzk20181015418  |2 czenas 
648 7 |a 15.-16. století  |7 ch757034  |2 czenas 
650 0 7 |a děti panovníků  |7 ph119708  |z Česko  |y 15.-16. století  |2 czenas 
650 0 9 |a children of kings and rulers  |z Czechia  |y 15th-16th centuries  |2 eczenas 
655 7 |a české romány  |7 fd133974  |2 czenas 
655 7 |a historické romány  |7 fd132414  |2 czenas 
655 9 |a Czech fiction  |2 eczenas 
655 9 |a historical novels  |2 eczenas 
830 0 |a Klokan (Alpress)  |0 s 
910 2 |a BOA001  |b 2-1418.178 
990 |a BK 
995 |a 01 
991 |b 201811  |c NOV 
996 6 |b 2610761249  |c 2-1418.178  |l MZK  |r Sklad / do 1 hodiny  |n 1  |p p.v.  |w 001695309  |u 000010  |a 1  |e BOA001  |j MZK50  |s P